Sports Quiz

Random Sports or City Quiz

Name the MLB Teams by City (or State) Quiz Stats

 Plays Quiz not verified by Sporcle

Also try: Texas Big 4 Teams
Challenge
Share
Tweet
Embed
Score 0/30 Timer 03:00
0 Plays Today
The City (or State) The Team % Correct
????
98.6%
????
97.1%
????
97.1%
????
94.3%
????
91.4%
????
91.4%
????
90%
????
88.6%
????
85.7%
????
85.7%
????
84.3%
????
84.3%
????
82.9%
????
82.9%
????
82.9%
The City (or State) The Team % Correct
????
82.9%
????
82.9%
????
81.4%
????
81.4%
????
75.7%
????
75.7%
????
71.4%
????
71.4%
????
71.4%
????
70%
????
70%
????
70%
????
70%
????
68.6%
????
68.6%

You're not logged in!

Compare scores with friends on all Sporcle quizzes.
OR
Log In

You Might Also Like...

Show Comments

Extras

Top Quizzes Today


Score Distribution

Your Account Isn't Verified!

In order to create a playlist on Sporcle, you need to verify the email address you used during registration. Go to your Sporcle Settings to finish the process.

Report this User

Report this user for behavior that violates our Community Guidelines.

Details: